000
00317nam a22001457a 4500
008
210308b ||||| |||| 00| 0 eng d
020
_a
002330040
041
_a
eng
080
_2
second edition
_a
34
082
_2
34
100
_a
12
101
_a
KIM
245
_a
Toxicology
_c
John Doull, M.d
942
_2
udc
_c
BK
999
_c
55935
_d
55935